000 00396nam a2200169Ia 4500
008 210210b1985 xxu||||| |||| 00| 0 eng d
082 _a581.5 SHUP
100 _aSHUKLA (R S)
245 _aPlant ecology
250 _a
260 _aNew Delhi
_bS. Chand & Co. Ltd.
_c1985
300 _aviii,244
650 _aPlant Ecology
690 _aBotany
700 _aCHANDEL (P S)
906 _a037236
999 _c87826
_d87826